| 000 | 00659nam a2200229 a 4500 | ||
|---|---|---|---|
| 001 | 71449 | ||
| 003 | BD-RjUL | ||
| 005 | 20211209082120.0 | ||
| 008 | 170503s2001 ii a 001 0 eng d | ||
| 020 |
_a8176841102 _c: Rs. 100.00 |
||
| 035 | _a(BD-RjUL)71665 | ||
| 040 |
_aDLC _cLDL _dMYG _dBD-RjUL _beng |
||
| 041 | _aeng | ||
| 082 |
_223 _a620.112 _bMAS 2001 |
||
| 100 | 1 |
_aMorley _d1876-1962. _9211391 |
|
| 245 | 1 | 0 |
_aStrength of materials : _bFor Diploma Courses / _cby Morley. |
| 250 | _a3th ed. | ||
| 260 |
_aNew Delhi : _bSumitra Handa, _c2001 |
||
| 300 |
_aix, 556 p. : _bill. ; _c23 cm. |
||
| 650 | 0 |
_aStrength of materials. _9211392 |
|
| 942 |
_2ddc _cBK |
||
| 999 |
_c71449 _d71449 |
||